[Event "Philadelphia Open 2015"]
[Site "Philadelphia"]
[Date "2015.04.03"]
[Round "5.12"]
[White "Song, Edward"]
[Black "Ortiz Suarez, Isam Reynaldo"]
[Result "0-1"]
[WhiteElo "2302"]
[BlackElo "2612"]
[PlyCount "82"]
[EventDate "2015.04.??"]
[EventType "swiss"]
[EventRounds "9"]
[EventCountry "USA"]

1. e4 c5 2. Nf3 d6 3. d4 cxd4 4. Nxd4 Nf6 5. Nc3 a6 6. Be2 e5 7. Nb3 Be7 8. Be3
O-O 9. O-O Nbd7 10. a4 b6 11. f3 Bb7 12. Qd2 Qc7 13. Rfd1 Rfc8 14. Nc1 Bf8 15.
N1a2 d5 16. exd5 Rd8 17. d6 Qb8 18. Bg5 Nc5 19. Bxf6 gxf6 20. Qe3 Rxd6 21. Rxd6
Qxd6 22. Rd1 Qe6 23. Kh1 f5 24. b3 f4 25. Qf2 Kh8 26. Bc4 Qg6 27. b4 Ne6 28.
Qxb6 Bxf3 29. gxf3 Bc5 30. Bd3 Qg5 31. Qxa6 Rg8 32. Bg6 Qxg6 33. Qf1 Be3 34.
Ne2 Nd4 35. Nac3 Qxc2 36. a5 Nxe2 37. Nxe2 e4 38. Rd5 h6 39. Rd6 Kh7 40. Rxh6+
Kxh6 41. Qh3+ Kg7 0-1

[Event "Philadelphia Open 2015"]
[Site "Philadelphia"]
[Date "2015.04.03"]
[Round "5.13"]
[White "Checa, Nicolas"]
[Black "Smith, Bryan"]
[Result "0-1"]
[WhiteElo "2289"]
[BlackElo "2482"]
[PlyCount "74"]
[EventDate "2015.04.??"]
[EventType "swiss"]
[EventRounds "9"]
[EventCountry "USA"]

1. d4 Nf6 2. c4 g6 3. Nc3 Bg7 4. e4 d6 5. Be2 O-O 6. Nf3 e5 7. O-O Nc6 8. d5
Ne7 9. Ne1 Ne8 10. Be3 f5 11. f3 f4 12. Bf2 h5 13. c5 g5 14. a4 Ng6 15. cxd6
Nxd6 16. Nb5 a6 17. Nxd6 cxd6 18. Rc1 Bh6 19. Rc3 Bd7 20. Kh1 Rf7 21. Qb3 g4
22. Qb4 g3 23. Bg1 Bf8 24. Rc2 Rg7 25. Qb6 Qxb6 26. Bxb6 Bxa4 27. Rc4 Bd7 28.
Rc7 Be8 29. Rc2 Be7 30. Nd3 Bd8 31. Bxd8 Rxd8 32. Rfc1 Ba4 33. Rc7 Bb5 34. R1c2
Bxd3 35. Rxg7+ Kxg7 36. Rc7+ Ne7 37. Bxd3 Rc8 0-1

[Event "Philadelphia Open 2015"]
[Site "Philadelphia"]
[Date "2015.04.03"]
[Round "5.14"]
[White "Kannappan, Priyadharshan"]
[Black "Shen, Arthur"]
[Result "1-0"]
[WhiteElo "2456"]
[BlackElo "2316"]
[PlyCount "129"]
[EventDate "2015.04.??"]
[EventType "swiss"]
[EventRounds "9"]
[EventCountry "USA"]

1. d4 Nf6 2. Nd2 d5 3. Ngf3 e6 4. e3 Nbd7 5. Bd3 Bd6 6. O-O O-O 7. c4 c5 8. b3
b6 9. Bb2 Bb7 10. cxd5 exd5 11. Ne5 Re8 12. f4 a6 13. Qf3 cxd4 14. exd4 Bb4 15.
Rfd1 Rc8 16. Qh3 Rc7 17. a3 Bxd2 18. Rxd2 Ne4 19. Rc2 Rxc2 20. Bxc2 Ndf6 21.
Rc1 Re7 22. Bd3 Rc7 23. Qe3 Nd6 24. Rxc7 Qxc7 25. Qc1 Qc8 26. a4 a5 27. Qxc8+
Nxc8 28. f5 Ne4 29. Bc1 f6 30. Nf3 Kf7 31. g4 Ncd6 32. Bf4 Bc6 33. Nd2 Nxd2 34.
Bxd2 b5 35. Bf4 Ke7 36. axb5 Nxb5 37. Be3 Nc3 38. Kg2 a4 39. Bd2 Ne4 40. Bb4+
Kf7 41. Bc2 axb3 42. Bxb3 g6 43. Kf3 Kg7 44. Kf4 Kf7 45. h4 g5+ 46. hxg5 Nxg5
47. Ke3 Ne4 48. Be1 Ke7 49. Bh4 Kd6 50. Kf4 Ke7 51. Bc2 Kf7 52. Bd3 Nd6 53. g5
fxg5+ 54. Bxg5 Nc4 55. Be2 Kg8 56. Bh5 Nd6 57. Ke5 Nf7+ 58. Kf6 Nxg5 59. Kxg5
Kf8 60. Kf6 Bb7 61. Bf3 Bc8 62. Bxd5 h5 63. Be6 Bb7 64. Kg5 Bf3 65. f6 1-0

[Event "Philadelphia Open 2015"]
[Site "Philadelphia"]
[Date "2015.04.03"]
[Round "5.16"]
[White "Gerzhoy, Leonid"]
[Black "Sorkin, Igor"]
[Result "1/2-1/2"]
[WhiteElo "2430"]
[BlackElo "2325"]
[PlyCount "38"]
[EventDate "2015.04.??"]
[EventType "swiss"]
[EventRounds "9"]
[EventCountry "USA"]

1. d4 Nf6 2. Bg5 c5 3. Bxf6 gxf6 4. e3 Qb6 5. b3 d5 6. Nf3 Nc6 7. c3 Bg4 8. Be2
e6 9. O-O f5 10. Nbd2 cxd4 11. Nxd4 Bxe2 12. Qxe2 Bg7 13. Rac1 O-O 14. N2f3
Rac8 15. c4 Nxd4 16. exd4 dxc4 17. Rxc4 Rxc4 18. Qxc4 Rd8 19. Rd1 Rd5 1/2-1/2

[Event "Philadelphia Open 2015"]
[Site "Philadelphia"]
[Date "2015.04.04"]
[Round "6.1"]
[White "Xiong, Jeffery"]
[Black "Quesada Perez, Yuniesky"]
[Result "0-1"]
[WhiteElo "2482"]
[BlackElo "2629"]
[PlyCount "136"]
[EventDate "2015.04.??"]
[EventType "swiss"]
[EventRounds "9"]
[EventCountry "USA"]
[WhiteClock "0:01:30"]
[BlackClock "0:01:33"]

1. e4 e5 2. Nf3 Nc6 3. Bb5 Nf6 4. d3 Bc5 5. Nbd2 d6 6. O-O O-O 7. c3 Ne7 8. d4
exd4 9. cxd4 Bb6 10. h3 d5 11. e5 Ne4 12. Re1 Bf5 13. Nb3 Ng6 14. a4 a5 15. Be3
f6 16. Rc1 c6 17. Bd3 fxe5 18. dxe5 Nf4 19. Bf1 Bg6 20. Nbd4 Bh5 21. g4 Bg6 22.
Qb3 Bxd4 23. Bxd4 Ne6 24. Bg2 Qe7 25. Bb6 Nf4 26. Bf1 Kh8 27. Re3 h5 28. Qa3
Qd7 29. Nh2 Rf7 30. Rce1 Qe6 31. f3 Nd2 32. Qd6 Nxf1 33. Kxf1 Rd7 34. Qxe6 Nxe6
35. f4 Nxf4 36. e6 Re7 37. Bc5 Ree8 38. Bd6 Nd3 39. gxh5 Be4 40. e7 Nxe1 41.
Kxe1 b5 42. Ng4 Ra7 43. Ne5 bxa4 44. Nxc6 Ra6 45. Ne5 Rxd6 46. Nf7+ Kh7 47.
Nxd6 Rxe7 48. Kd2 Re6 49. Nxe4 dxe4 50. Ra3 Rb6 51. Rxa4 Rxb2+ 52. Ke1 Rb5 53.
Rxe4 Rxh5 54. h4 Rh6 55. Kd2 Ra6 56. Kc3 a4 57. Kb2 Kh6 58. Re8 Kh5 59. Rh8+
Rh6 60. Ra8 Kxh4 61. Rxa4+ Kh3 62. Ra3+ Kh4 63. Ra4+ Kh5 64. Kc3 g5 65. Kd2 Re6
66. Ra1 g4 67. Rh1+ Kg5 68. Re1 Rxe1 0-1

[Event "Philadelphia Open 2015"]
[Site "Philadelphia"]
[Date "2015.04.04"]
[Round "6.2"]
[White "Chandra, Akshat"]
[Black "Avrukh, Boris"]
[Result "1/2-1/2"]
[WhiteElo "2476"]
[BlackElo "2610"]
[PlyCount "128"]
[EventDate "2015.04.??"]
[EventType "swiss"]
[EventRounds "9"]
[EventCountry "USA"]
[WhiteClock "0:00:20"]
[BlackClock "0:00:15"]

1. e4 e5 2. Nf3 Nc6 3. Bb5 a6 4. Ba4 Nf6 5. O-O Be7 6. Re1 b5 7. Bb3 d6 8. c3
O-O 9. h3 Nb8 10. d4 Nbd7 11. Nbd2 Bb7 12. Bc2 Re8 13. Nf1 Bf8 14. Ng3 g6 15.
a4 Nb6 16. b3 bxa4 17. bxa4 a5 18. Rb1 Ba6 19. Be3 Nc4 20. Bd3 Nxe3 21. Rxe3
Qc8 22. Re2 Nd7 23. Reb2 Nb6 24. Bxa6 Rxa6 25. Rb5 Bg7 26. Qb3 Qe6 27. d5 Qe7
28. Nd2 Nd7 29. Qc4 Nb6 30. Qb3 Nd7 31. Rb7 Nc5 32. Qc4 Rea8 33. Rb8+ Bf8 34.
Rxa8 Rxa8 35. Rb5 Qg5 36. Nb3 h5 37. Nxc5 dxc5 38. Nf1 Qc1 39. Qd3 h4 40. Qd2
Qa1 41. Qc2 Bh6 42. Rb7 c4 43. Rxc7 Rb8 44. Qe2 Qxc3 45. Qxc4 Qxc4 46. Rxc4 Bf8
47. Ne3 Rb1+ 48. Kh2 Bh6 49. g4 Bxe3 50. fxe3 Rb4 51. Rc8+ Kg7 52. d6 Rb2+ 53.
Kg1 Rd2 54. Rc5 Rxd6 55. g5 Rd1+ 56. Kf2 Rh1 57. Kg2 Re1 58. Kf2 Rh1 59. Rxe5
Rxh3 60. Rxa5 Rg3 61. Rb5 Rg4 62. Kf3 Rg1 63. Kf2 Rg4 64. Kf3 Rg1 1/2-1/2

[Event "Philadelphia Open 2015"]
[Site "Philadelphia"]
[Date "2015.04.04"]
[Round "6.3"]
[White "Dreev, Aleksey"]
[Black "Ghaem Maghami, Ehsan"]
[Result "1/2-1/2"]
[WhiteElo "2636"]
[BlackElo "2562"]
[PlyCount "38"]
[EventDate "2015.04.??"]
[EventType "swiss"]
[EventRounds "9"]
[EventCountry "USA"]
[WhiteClock "1:07:16"]
[BlackClock "0:45:01"]

1. d4 Nf6 2. c4 e6 3. Nf3 Bb4+ 4. Nbd2 O-O 5. a3 Bxd2+ 6. Bxd2 b6 7. Bg5 Bb7 8.
e3 d6 9. Bd3 Nbd7 10. Nd2 h6 11. Bh4 Bxg2 12. Rg1 Bb7 13. Qe2 Qe8 14. O-O-O e5
15. f3 Kh8 16. Qg2 Rg8 17. Qh3 Nh7 18. f4 e4 19. Bc2 Ndf6 1/2-1/2

[Event "Philadelphia Open 2015"]
[Site "Philadelphia"]
[Date "2015.04.04"]
[Round "6.4"]
[White "Ortiz Suarez, Isam Reynaldo"]
[Black "Homa, Seth"]
[Result "1/2-1/2"]
[WhiteElo "2612"]
[BlackElo "2367"]
[PlyCount "73"]
[EventDate "2015.04.??"]
[EventType "swiss"]
[EventRounds "9"]
[EventCountry "USA"]
[WhiteClock "0:07:39"]
[BlackClock "0:13:42"]

1. e4 c5 2. Nf3 e6 3. d4 cxd4 4. Nxd4 Nc6 5. Nc3 Qc7 6. Be3 a6 7. Qd2 Nf6 8. f3
b5 9. g4 Bb7 10. g5 Nxd4 11. Bxd4 Nh5 12. O-O-O Be7 13. Be5 Qxe5 14. Qxd7+ Kf8
15. Qxb7 Bxg5+ 16. Kb1 Qb8 17. Qc6 Qc8 18. Qxc8+ Rxc8 19. Rd7 Rd8 20. Rb7 Bf6
21. Bd3 Nf4 22. Rd1 g5 23. a4 Bxc3 24. bxc3 bxa4 25. Rg1 h6 26. Bxa6 Kg7 27.
Kb2 Rd2 28. h4 a3+ 29. Kxa3 Ra8 30. Rb6 Ne2 31. Rg2 Rxc2 32. hxg5 hxg5 33.
Rxg5+ Kf6 34. Rf5+ Kg7 35. Rg5+ Kf6 36. Rf5+ Kg7 37. Rg5+ 1/2-1/2

[Event "Philadelphia Open 2015"]
[Site "Philadelphia"]
[Date "2015.04.04"]
[Round "6.5"]
[White "Mandizha, Farai"]
[Black "Margvelashvili, Giorgi"]
[Result "0-1"]
[WhiteElo "2365"]
[BlackElo "2539"]
[PlyCount "112"]
[EventDate "2015.04.??"]
[EventType "swiss"]
[EventRounds "9"]
[EventCountry "USA"]

1. e4 c6 2. d4 d5 3. Nc3 dxe4 4. Nxe4 Bf5 5. Ng3 Bg6 6. Nh3 e6 7. Nf4 Qc7 8. h4
Bd6 9. Nxg6 hxg6 10. Ne4 Nf6 11. Ng5 c5 12. dxc5 Bxc5 13. c3 Nc6 14. g3 Rd8 15.
Qe2 O-O 16. Bg2 Ne5 17. O-O Neg4 18. Bf4 e5 19. Bc1 Rfe8 20. Ne4 Nxe4 21. Bxe4
f5 22. Bg5 Nxf2 23. Rxf2 Bxf2+ 24. Qxf2 fxe4 25. Bxd8 Rxd8 26. Re1 Qc6 27. Qe3
Rd3 28. Qxe4 Qb6+ 29. Kg2 Qxb2+ 30. Kh3 Qxc3 31. Qxe5 Qxe5 32. Rxe5 Ra3 33. Re2
Ra4 34. Kg2 b5 35. Kf3 Kf7 36. Rc2 a5 37. g4 b4 38. g5 Ra3+ 39. Ke4 Rh3 40. Kd5
Rxh4 41. Rc7+ Kg8 42. Rc5 Rf4 43. Kc6 Rf5 44. Kb6 a4 45. Rc4 b3 46. Rxa4 bxa2
47. Rxa2 Rxg5 48. Kc6 Rf5 49. Ra7 g5 50. Kd6 g4 51. Ke6 Rg5 52. Ra8+ Kh7 53.
Kf7 Rf5+ 54. Ke6 Kg6 55. Ra3 Rg5 56. Rg3 Kh5 0-1

[Event "Philadelphia Open 2015"]
[Site "Philadelphia"]
[Date "2015.04.04"]
[Round "6.6"]
[White "Chirila, Ioan Cristian"]
[Black "Pourkashiyan, Atousa"]
[Result "1-0"]
[WhiteElo "2537"]
[BlackElo "2347"]
[PlyCount "165"]
[EventDate "2015.04.??"]
[EventType "swiss"]
[EventRounds "9"]
[EventCountry "USA"]

1. d4 Nf6 2. c4 e6 3. Nc3 Bb4 4. f3 d5 5. a3 Bxc3+ 6. bxc3 c5 7. cxd5 Nxd5 8.
dxc5 Qa5 9. e4 Ne7 10. Be3 Nd7 11. Qb3 Nc6 12. Bb5 Qc7 13. Ne2 O-O 14. O-O Nce5
15. Qb4 a6 16. Bxd7 Bxd7 17. Rfd1 Rfc8 18. a4 Be8 19. Nc1 Nc6 20. Qa3 Ne5 21.
Bd4 Rd8 22. Nb3 Ng6 23. Qb4 a5 24. Qa3 Nf4 25. Rd2 Rac8 26. g3 e5 27. Be3 Rxd2
28. Nxd2 Ne6 29. Nb3 Rd8 30. Qb2 h6 31. Qe2 Bc6 32. Nd2 Be8 33. Nb3 Bc6 34. Kf2
Rf8 35. Qc4 Rd8 36. Ra2 Be8 37. Qe2 Bc6 38. Nd2 Be8 39. Nb3 Bc6 40. Ra1 Be8 41.
Qc2 Bc6 42. c4 Ra8 43. Qd2 Kf8 44. Qd6+ Ke8 45. Bd2 Qxd6 46. cxd6 b6 47. Be3
Ra6 48. c5 bxc5 49. Nxc5 Nxc5 50. Bxc5 Kd7 51. Ke3 Ra8 52. Rb1 Kc8 53. f4 exf4+
54. gxf4 g6 55. Kd4 Bxa4 56. Ke5 Bc6 57. Kf6 Kd7 58. e5 Bd5 59. Rd1 Bb3 60. Rd4
Rc8 61. Ba3 Be6 62. Ra4 Rc4 63. Rxa5 Rxf4+ 64. Kg7 h5 65. Ra7+ Kd8 66. Bc5 Rc4
67. Bb6+ Kc8 68. Kf8 Rc6 69. Be3 Rc3 70. Bb6 Rc6 71. Bf2 Rc2 72. Bg3 h4 73.
Bxh4 Rxh2 74. Bf6 Ra2 75. Rc7+ Kb8 76. Rxf7 Bxf7 77. Kxf7 Ra7+ 78. Ke8 Kc8 79.
e6 Ra8 80. d7+ Kc7+ 81. d8=Q+ Rxd8+ 82. Bxd8+ Kd6 83. Kf7 1-0

[Event "Philadelphia Open 2015"]
[Site "Philadelphia"]
[Date "2015.04.04"]
[Round "6.7"]
[White "Smith, Bryan"]
[Black "Katz, Alexander"]
[Result "0-1"]
[WhiteElo "2482"]
[BlackElo "2265"]
[PlyCount "40"]
[EventDate "2015.04.??"]
[EventType "swiss"]
[EventRounds "9"]
[EventCountry "USA"]

1. e4 d6 2. d4 Nf6 3. Nc3 g6 4. Be3 c6 5. Qd2 b5 6. Bd3 e5 7. Nf3 exd4 8. Bxd4
Bg7 9. e5 dxe5 10. Bxe5 O-O 11. O-O Bg4 12. Qf4 Nbd7 13. Bd6 Re8 14. a4 b4 15.
Ne4 Nd5 16. Qg3 f5 17. Ned2 N7f6 18. h3 Bxf3 19. gxf3 f4 20. Bxf4 Nh5 0-1

[Event "Philadelphia Open 2015"]
[Site "Philadelphia"]
[Date "2015.04.04"]
[Round "6.8"]
[White "Rosen, Eric"]
[Black "Kannappan, Priyadharshan"]
[Result "0-1"]
[WhiteElo "2322"]
[BlackElo "2456"]
[PlyCount "158"]
[EventDate "2015.04.??"]
[EventType "swiss"]
[EventRounds "9"]
[EventCountry "USA"]

1. e4 e5 2. Nf3 Nc6 3. c3 Nf6 4. d4 Nxe4 5. d5 Nb8 6. Bd3 Nc5 7. Nxe5 Nxd3+ 8.
Nxd3 Be7 9. Be3 d6 10. Qf3 Qd7 11. Qe2 O-O 12. Nd2 Qf5 13. c4 b5 14. b3 Bf6 15.
Rc1 bxc4 16. bxc4 c6 17. Nb4 c5 18. Nd3 Re8 19. O-O Bd4 20. Rfe1 Nd7 21. Qf1
Bxe3 22. Rxe3 Ba6 23. Qe2 Nf6 24. Re1 h6 25. Qf3 Qxf3 26. Rxe8+ Nxe8 27. gxf3
Kf8 28. Rb1 Nc7 29. Ne1 Re8 30. Nc2 f5 31. Ne3 g6 32. f4 Kf7 33. Kg2 Kf6 34. h4
Rh8 35. Kf3 g5 36. fxg5+ hxg5 37. hxg5+ Kxg5 38. Rg1+ Kf6 39. Rb1 Rh3+ 40. Kg2
Rh8 41. Kf3 Na8 42. Rb3 Ke5 43. Nc2 f4 44. Kg2 Nb6 45. Rc3 Rg8+ 46. Kh2 Bc8 47.
Ne1 Bg4 48. Ra3 Rg7 49. Nd3+ Kf5 50. f3 Bh5 51. Nf2 Bg6 52. Rc3 Ke5 53. Nb3 Bb1
54. Nd2 Bf5 55. Nb3 Rg3 56. Nc1 Rg7 57. Nb3 Kf6 58. Nd2 Nc8 59. Rb3 Re7 60.
Nfe4+ Ke5 61. a4 Kd4 62. Rb8 Ke3 63. Kg2 Rg7+ 64. Kh2 Bxe4 65. Nxe4 Kxf3 66.
Nxc5 Nb6 67. Ne6 Rh7+ 68. Kg1 Ke3 69. Rf8 Rh4 70. c5 Rg4+ 71. Kh2 dxc5 72. d6
c4 73. a5 Nd7 74. Rf7 Ne5 75. Rg7 Rxg7 76. Nxg7 c3 77. Nf5+ Ke4 78. Ne7 c2 79.
Ng6 Nd7 0-1

[Event "Philadelphia Open 2015"]
[Site "Philadelphia"]
[Date "2015.04.04"]
[Round "6.9"]
[White "Rohde, Michael"]
[Black "Wu, Christopher"]
[Result "0-1"]
[WhiteElo "2455"]
[BlackElo "2259"]
[PlyCount "62"]
[EventDate "2015.04.??"]
[EventType "swiss"]
[EventRounds "9"]
[EventCountry "USA"]

1. Nf3 c5 2. c4 Nc6 3. d4 cxd4 4. Nxd4 Nf6 5. Nc3 e6 6. g3 Qb6 7. Nb3 Ne5 8.
Bg2 Nxc4 9. e4 Bb4 10. Qe2 Qc7 11. O-O Bxc3 12. bxc3 d6 13. Nd4 O-O 14. Bg5 Nd7
15. Rfd1 a6 16. Bf1 Na5 17. Qh5 Nc5 18. Bg2 Nc4 19. Nb3 f6 20. Bc1 e5 21. Nd2
Nxd2 22. Rxd2 Qa5 23. Qd1 Qxc3 24. Bb2 Qb4 25. Rb1 Nxe4 26. Rc2 Bf5 27. Bxe5
Qa5 28. Rxb7 dxe5 29. Rcc7 Rad8 30. Rxg7+ Kh8 31. Qe2 Qd2 0-1

[Event "Philadelphia Open 2015"]
[Site "Philadelphia"]
[Date "2015.04.04"]
[Round "6.10"]
[White "Wang, Qibiao"]
[Black "Esserman, Marc"]
[Result "1-0"]
[WhiteElo "2206"]
[BlackElo "2427"]
[PlyCount "90"]
[EventDate "2015.04.??"]
[EventType "swiss"]
[EventRounds "9"]
[EventCountry "USA"]

1. d4 f5 2. Nc3 d5 3. Bf4 Nf6 4. e3 e6 5. a3 a6 6. Nf3 c5 7. h3 Nc6 8. g4 Bd6
9. Bxd6 Qxd6 10. gxf5 e5 11. dxe5 Nxe5 12. Bg2 Bxf5 13. Nh4 Be6 14. e4 O-O-O
15. f4 Nc4 16. e5 Qb6 17. b3 Ne4 18. bxc4 Qa5 19. Qf3 Nxc3 20. O-O Rhf8 21. f5
g6 22. f6 Kb8 23. Rae1 Rf7 24. Kh2 dxc4 25. Qg3 Qxa3 26. Re3 b5 27. Rxc3 Qb2
28. Ra3 Ra7 29. Rfa1 g5 30. Nf3 g4 31. hxg4 Rg8 32. g5 b4 33. Rxa6 Qxa1 34.
Rxa1 Rxa1 35. Qf2 Ra5 36. Qd2 Ra6 37. Qe3 Rc8 38. g6 hxg6 39. Ng5 Rh8+ 40. Kg1
b3 41. cxb3 Ra1+ 42. Bf1 Bd5 43. Nh3 cxb3 44. e6 Ka8 45. Qxc5 Rb8 1-0

[Event "Philadelphia Open 2015"]
[Site "Philadelphia"]
[Date "2015.04.04"]
[Round "6.11"]
[White "Li, Ruifeng"]
[Black "Balakrishnan, Praveen"]
[Result "1-0"]
[WhiteElo "2426"]
[BlackElo "2125"]
[PlyCount "187"]
[EventDate "2015.04.??"]
[EventType "swiss"]
[EventRounds "9"]
[EventCountry "USA"]

1. e4 c6 2. d4 d5 3. exd5 cxd5 4. c4 Nf6 5. Nc3 Nc6 6. Nf3 Bg4 7. Bg5 Bxf3 8.
gxf3 dxc4 9. d5 Ne5 10. f4 Nd3+ 11. Bxd3 cxd3 12. Qxd3 g6 13. d6 Bg7 14. Qb5+
Kf8 15. O-O-O exd6 16. Qb4 Qb6 17. Qxb6 axb6 18. Rxd6 Ne8 19. Rd7 Bxc3 20. bxc3
h6 21. Be7+ Kg7 22. Kb2 Nf6 23. Rxb7 Ne4 24. Rxb6 Ra7 25. Bb4 Nxf2 26. Ra1 Nd3+
27. Kb3 Nxf4 28. a4 Ne6 29. a5 Rha8 30. Rd1 g5 31. c4 Rc8 32. a6 h5 33. Rdd6
Rcc7 34. Rd5 h4 35. c5 g4 36. Kc4 Rc8 37. Rh5 Rca8 38. Rxh4 Rxa6 39. Rxg4+ Kf6
40. Rxa6 Rxa6 41. Rg2 Nd8 42. Kb5 Re6 43. Bc3+ Ke7 44. Ra2 Nc6 45. Rf2 Na7+ 46.
Kc4 Nc6 47. Kd5 Nd8 48. Be5 Rh6 49. Rf5 Kd7 50. Bg3 Rg6 51. Bd6 Rh6 52. Be5 Ke7
53. Bf4 Rh3 54. Bg3 Rh6 55. Kc4 Kd7 56. Kb5 Rg6 57. Bh4 Kc7 58. Rd5 Nc6 59.
Bg3+ Kc8 60. Rd2 Na7+ 61. Kc4 Nc6 62. Rf2 Nd8 63. Kb5 Rh6 64. Rf5 Rg6 65. Rh5
Kd7 66. Rh8 Rg4 67. Rh6 Rg6 68. Rh5 Nc6 69. Rd5+ Kc8 70. Rd2 Rh6 71. Bd6 Kb7
72. Rf2 Rh7 73. Rf6 Na7+ 74. Kc4 Kc8 75. Kd5 Kd7 76. Be5 Nc8 77. Kc4 Rh5 78.
Bg3 Ke7 79. Rf2 Rh6 80. h4 Na7 81. Bd6+ Ke8 82. Re2+ Kd8 83. Be7+ Kc8 84. Bg5
Rh8 85. Kd5 Nb5 86. Re7 Nc7+ 87. Kc6 Ne6 88. Rxf7 Nxg5 89. hxg5 Rg8 90. Kb6 Kd8
91. c6 Rxg5 92. c7+ Ke8 93. Rh7 Rg6+ 94. Kb7 1-0

[Event "Philadelphia Open 2015"]
[Site "Philadelphia"]
[Date "2015.04.04"]
[Round "6.12"]
[White "Liang, Awonder"]
[Black "Gurevich, Daniel"]
[Result "1/2-1/2"]
[WhiteElo "2293"]
[BlackElo "2373"]
[PlyCount "127"]
[EventDate "2015.04.??"]
[EventType "swiss"]
[EventRounds "9"]
[EventCountry "USA"]

1. e4 c5 2. Nf3 Nc6 3. d4 cxd4 4. Nxd4 g6 5. c4 Nf6 6. Nc3 d6 7. Be2 Nxd4 8.
Qxd4 Bg7 9. Be3 O-O 10. Qd2 a5 11. Rd1 Be6 12. f3 a4 13. O-O Qa5 14. Nb5 Rfc8
15. Qxa5 Rxa5 16. Rc1 Nd7 17. Nd4 Nc5 18. Nxe6 fxe6 19. Rb1 Kf7 20. Kf2 Ke8 21.
Rfd1 Kd7 22. Rd2 Raa8 23. Bf1 Ke8 24. Bf4 Nd7 25. g3 Ra5 26. Be3 Ne5 27. Bb6
Raa8 28. c5 dxc5 29. Bb5+ Nc6 30. Bxc5 Ra5 31. Bxc6+ Rxc6 32. Ba3 Rc4 33. Rbd1
b5 34. b3 Rc7 35. Bb4 Ra8 36. f4 Bc3 37. Bxc3 Rxc3 38. bxa4 Rxa4 39. Rb1 Rc5
40. Kf3 e5 41. fxe5 Rxe5 42. Rb3 Rc4 43. Rdb2 Rcc5 44. Rb4 Kf7 45. a4 bxa4 46.
Rxa4 Rc3+ 47. Kf2 g5 48. Re2 h5 49. Re3 Rc2+ 50. Re2 Rc6 51. Kg2 Ke6 52. Rd2
Rec5 53. Rf2 g4 54. h3 gxh3+ 55. Kxh3 Rg5 56. Rf3 Rcc5 57. Kh4 Rg8 58. Ra6+ Kd7
59. Ra7+ Kd6 60. Ra6+ Kc7 61. Ra7+ Kd6 62. Ra6+ Kc7 63. Ra7+ Kd6 64. Ra6+
1/2-1/2

[Event "Philadelphia Open 2015"]
[Site "Philadelphia"]
[Date "2015.04.04"]
[Round "6.13"]
[White "Zierk, Steven"]
[Black "Colas, Joshua"]
[Result "1-0"]
[WhiteElo "2485"]
[BlackElo "2315"]
[PlyCount "75"]
[EventDate "2015.04.??"]
[EventType "swiss"]
[EventRounds "9"]
[EventCountry "USA"]

1. e4 e5 2. Nf3 Nc6 3. d4 exd4 4. Nxd4 Nf6 5. Nxc6 bxc6 6. e5 Qe7 7. Qe2 Nd5 8.
c4 Ba6 9. b3 g6 10. g3 Bg7 11. Bb2 O-O 12. Bg2 Rfe8 13. O-O Bxe5 14. Qxe5 Qxe5
15. Bxe5 Rxe5 16. cxd5 Bxf1 17. Kxf1 cxd5 18. Nc3 c6 19. Rd1 Rae8 20. Bf3 Kg7
21. b4 f5 22. Be2 Kf6 23. Bd3 h6 24. Rc1 g5 25. Ne2 Rc8 26. Rc5 d6 27. Ra5 c5
28. Rxa7 c4 29. Bc2 Rce8 30. Nd4 Re1+ 31. Kg2 Rc1 32. Bxf5 Rd1 33. Nb5 Rd8 34.
g4 d4 35. Nc7 d3 36. Nd5+ Ke5 37. Nc3 Rc1 38. Re7+ 1-0

[Event "Philadelphia Open 2015"]
[Site "Philadelphia"]
[Date "2015.04.04"]
[Round "6.14"]
[White "Gerzhoy, Leonid"]
[Black "Chevannes, Sabrina"]
[Result "0-1"]
[WhiteElo "2430"]
[BlackElo "2192"]
[PlyCount "78"]
[EventDate "2015.04.??"]
[EventType "swiss"]
[EventRounds "9"]
[EventCountry "USA"]

1. c4 e6 2. Nc3 d5 3. d4 Be7 4. Nf3 Nf6 5. Bf4 c6 6. e3 O-O 7. cxd5 exd5 8. Bd3
Nbd7 9. h3 Re8 10. Qc2 Nf8 11. O-O Ng6 12. Bh2 Bd6 13. Bxd6 Qxd6 14. Rab1 Bd7
15. b4 Rac8 16. a4 a6 17. a5 Qe7 18. Na4 Ne4 19. Nc5 Bf5 20. g4 Nxc5 21. bxc5
Bxd3 22. Qxd3 Nh4 23. Nxh4 Qxh4 24. Kg2 Rc7 25. Qf5 g6 26. Qf4 Qd8 27. Rb6 f5
28. Rfb1 Qc8 29. g5 Re4 30. Qd6 f4 31. f3 Rxe3 32. Qxf4 Re2+ 33. Kf1 Rce7 34.
Qg3 R2e3 35. R6b3 Rxb3 36. Rxb3 Qe6 37. Rb2 Qe3 38. Qb8+ Re8 39. Qxb7 Qxf3+ 0-1

[Event "Philadelphia Open 2015"]
[Site "Philadelphia"]
[Date "2015.04.04"]
[Round "6.15"]
[White "Mulyar, Michael A"]
[Black "Ghatti, Sanjay"]
[Result "1-0"]
[WhiteElo "2412"]
[BlackElo "2148"]
[PlyCount "55"]
[EventDate "2015.04.??"]
[EventType "swiss"]
[EventRounds "9"]
[EventCountry "USA"]

1. d4 d5 2. Nf3 Nf6 3. c4 e6 4. g3 Be7 5. Bg2 O-O 6. O-O dxc4 7. Qa4 a6 8. Qxc4
b5 9. Qc2 Bb7 10. Bd2 Be4 11. Qc1 Bb7 12. Bf4 Bd6 13. Nbd2 Bxf4 14. gxf4 Qd6
15. Nb3 Nbd7 16. Ne5 Bxg2 17. Kxg2 a5 18. Rd1 a4 19. Nc5 Nxe5 20. fxe5 Qc6+ 21.
f3 Nd7 22. Ne4 Qb6 23. Kh1 f6 24. Rg1 Rf7 25. exf6 Nxf6 26. Nxf6+ Rxf6 27. Rg4
Rd8 28. Qg5 1-0

[Event "Philadelphia Open 2015"]
[Site "Philadelphia"]
[Date "2015.04.04"]
[Round "7.1"]
[White "Quesada Perez, Yuniesky"]
[Black "Chandra, Akshat"]
[Result "1/2-1/2"]
[WhiteElo "2629"]
[BlackElo "2476"]
[PlyCount "47"]
[EventDate "2015.04.??"]
[EventType "swiss"]
[EventRounds "9"]
[EventCountry "USA"]
[WhiteClock "1:04:43"]
[BlackClock "1:42:41"]

1. e4 c5 2. Nf3 e6 3. d4 cxd4 4. Nxd4 Nc6 5. Nc3 Qc7 6. Be3 a6 7. Qd2 Nf6 8.
O-O-O Be7 9. f3 b5 10. g4 Nxd4 11. Bxd4 Bb7 12. g5 Nh5 13. Be5 Qxe5 14. Qxd7+
Kf8 15. Qxb7 Bxg5+ 16. Kb1 Qb8 17. Rd7 Qxb7 18. Rxb7 Bf6 19. a4 Bxc3 20. bxc3
bxa4 21. Bxa6 g5 22. Bb5 Nf4 23. c4 Ng6 24. Rf1 1/2-1/2

[Event "Philadelphia Open 2015"]
[Site "Philadelphia"]
[Date "2015.04.04"]
[Round "7.2"]
[White "Kannappan, Priyadharshan"]
[Black "Dreev, Aleksey"]
[Result "1/2-1/2"]
[WhiteElo "2456"]
[BlackElo "2636"]
[PlyCount "76"]
[EventDate "2015.04.??"]
[EventType "swiss"]
[EventRounds "9"]
[EventCountry "USA"]
[WhiteClock "0:20:21"]
[BlackClock "0:32:59"]

1. e4 g6 2. d4 Bg7 3. Nc3 d6 4. Be3 a6 5. a4 Nf6 6. Qd2 Nc6 7. Nf3 O-O 8. Be2
Bg4 9. Rd1 e5 10. dxe5 dxe5 11. O-O Qc8 12. Qc1 Rd8 13. Rxd8+ Qxd8 14. Rd1 Qf8
15. h3 Bxf3 16. Bxf3 Qb4 17. Nd5 Nxd5 18. exd5 Nd4 19. Bxd4 exd4 20. b3 Re8 21.
Qd2 Qxd2 22. Rxd2 Re1+ 23. Kh2 Kf8 24. g4 Be5+ 25. Kg2 Rc1 26. Re2 d3 27. cxd3
Bd6 28. d4 Rb1 29. Re3 Rb2 30. Be2 Rd2 31. Bc4 Rxd4 32. Rd3 Re4 33. Re3 Rxe3
34. fxe3 Ke7 35. Kf3 Kf6 36. Bf1 Ke5 37. Bg2 f5 38. gxf5 Kxf5 1/2-1/2

[Event "Philadelphia Open 2015"]
[Site "Philadelphia"]
[Date "2015.04.04"]
[Round "7.3"]
[White "Avrukh, Boris"]
[Black "Li, Ruifeng"]
[Result "1-0"]
[WhiteElo "2610"]
[BlackElo "2426"]
[PlyCount "73"]
[EventDate "2015.04.??"]
[EventType "swiss"]
[EventRounds "9"]
[EventCountry "USA"]
[WhiteClock "0:03:05"]
[BlackClock "0:04:46"]

1. d4 Nf6 2. c4 e6 3. g3 c5 4. d5 exd5 5. cxd5 b5 6. e4 Nxe4 7. Bg2 Nd6 8. Nf3
Be7 9. O-O O-O 10. Bf4 Bb7 11. Nc3 b4 12. Na4 Na6 13. Re1 Re8 14. Ne5 Bg5 15.
Qg4 Bxf4 16. Qxf4 f6 17. Nd3 Qc7 18. b3 Rac8 19. Rxe8+ Rxe8 20. Rc1 Nf7 21.
Qxc7 Nxc7 22. Naxc5 Bxd5 23. Nxd7 Bxg2 24. Kxg2 Nb5 25. Nxb4 Rd8 26. Nc5 Rd2
27. Ne4 Rd4 28. Rc8+ Rd8 29. Rc5 Nd4 30. Ra5 Rd7 31. Nc5 Re7 32. Nd5 Re1 33.
Ra4 Ne2 34. f4 Rd1 35. Re4 Ne5 36. Ne7+ Kf7 37. Rxe2 1-0